00822nam a22002417a 45000010005000000030006000050050017000110080041000280200018000690400029000870500014001160820010001301000028001402450042001682600038002103000060002484900018003085050008003265200171003345210029005055210020005346500026005543756FISKH20240430090734.0240430b cb ||||| |||| 00| 0 eng d a9781846433764 aFISKHbengcFISKHdFISKH aPZ7.K9483 a612.8 aKubler, Annie eauthor  aWhat can I smell? /cby Annie Kubler  aChicago :bChild's Play , c2011  a10 unnumbered pages : bcolor illustrations ; c17 cm . a Small Senses aF  aBrilliant board books for toddlers based around senses. Exploring the concept of touch, this title features familiar scenes and fun words to encourage lively chatter.8 a300 bLexile estimate 8 aF bRAz-Plus  afive senses vfiction